2010s Drama Lead Actress Emmy Nominees Quiz Stats

 Plays Quiz not verified by Sporcle

Score 0/62 Timer 10:00
0 Plays Today
Year Actress % Correct
2019Sandra Oh
94.7%
2016Viola Davis
94%
2018Elisabeth Moss
93%
2012Claire Danes
92.9%
2013Claire Danes
92.9%
2014Claire Danes
92.9%
2015Claire Danes
92.9%
2015Viola Davis
92.9%
2016Robin Wright
92.6%
2017Elisabeth Moss
92.4%
2016Claire Danes
92.1%
2017Viola Davis
91.6%
2017Robin Wright
91.6%
2013Robin Wright
91.4%
2014Robin Wright
91.4%
2015Robin Wright
91.4%
2019Viola Davis
89.5%
2019Laura Linney
89.5%
2019Robin Wright
89.5%
2013Kerry Washington
88.9%
2014Kerry Washington
88.9%
2018Claire Foy
88.7%
2010Glenn Close
88.1%
2012Glenn Close
88.1%
2018Tatiana Maslany
87.3%
2018Sandra Oh
87.3%
2010Julianna Margulies
85.4%
2011Julianna Margulies
85.4%
2011Elisabeth Moss
85.4%
2012Julianna Margulies
85.4%
2012Elisabeth Moss
85.4%
Year Actress % Correct
2013Elisabeth Moss
85.4%
2014Julianna Margulies
85.4%
2015Elisabeth Moss
85.4%
2016Taraji P. Henson
85.1%
2017Keri Russell
84.7%
2018Keri Russell
84.5%
2017Claire Foy
84%
2010January Jones
83.6%
2010Kyra Sedgwick
83.1%
2016Tatiana Maslany
82.8%
2010Mariska Hargitay
82.1%
2011Kathy Bates
82.1%
2011Mariska Hargitay
82.1%
2012Kathy Bates
82.1%
2010Connie Britton
81.1%
2011Connie Britton
81.1%
2013Connie Britton
81.1%
2015Taraji P. Henson
80.8%
2018Evan Rachel Wood
80.3%
2019Emilia Clarke
78.9%
2019Mandy Moore
78.9%
2013Vera Farmiga
78%
2016Keri Russell
77.2%
2015Tatiana Maslany
76.3%
2017Evan Rachel Wood
74.8%
2014Lizzy Caplan
62.6%
2012Michelle Dockery
49.7%
2013Michelle Dockery
49.7%
2014Michelle Dockery
49.7%
2019Jodie Comer
47.4%
2011Mireille Enos
41.2%

You're not logged in!

Compare scores with friends on all Sporcle quizzes.
OR
Log In

Sporcle TV

Today on Sporcle TV


Watch our educational content, quiz creation guides, and fun videos on Sporcle TV.

Show Comments

Extras

Top Quizzes Today


Score Distribution

Your Account Isn't Verified!

In order to create a playlist on Sporcle, you need to verify the email address you used during registration. Go to your Sporcle Settings to finish the process.

Report this User

Report this user for behavior that violates our Community Guidelines.

Details: